Disadvantaged Children: (Record no. 212234)

MARC details
000 -LEADER
fixed length control field 00781nam a22002417a 4500
005 - DATE AND TIME OF LATEST TRANSACTION
control field 20250708141705.0
010 ## - LCCN (DPL NO)
LC control number ENG-145843-844
020 ## - INTERNATIONAL STANDARD BOOK NUMBER
Terms of availability 395.00
International Standard Book Number 9789395368001
020 ## - INTERNATIONAL STANDARD BOOK NUMBER
Terms of availability 1195.00
International Standard Book Number 9789395368018
035 ## - SYSTEM CONTROL NUMBER
System control number EN-129375
035 ## - SYSTEM CONTROL NUMBER
System control number EN-129376
037 ## - SOURCE OF ACQUISITION
Source of stock number/acquisition DBAD
082 ## - DEWEY DECIMAL CLASSIFICATION NUMBER
Classification number 305.231
100 ## - MAIN ENTRY--PERSONAL NAME
Personal name Nanda, G. K.
245 ## - TITLE STATEMENT
Title Disadvantaged Children:
Remainder of title From Darkness To Light/
Statement of responsibility, etc G. K. Nanda
250 ## - EDITION STATEMENT
Edition statement 1
260 ## - PUBLICATION, DISTRIBUTION, ETC. (IMPRINT)
Place of publication, distribution, etc New Delhi
Name of publisher, distributor, etc Neelkamal Publications Pvt. Ltd.
Date of publication, distribution, etc 2023
270 ## - ADDRESS
City New Delhi
Address 4764/1, 23, Ansari Road, Daryaganj, New Delhi
Postal code 110002
Telephone number 011-23244237
-- +91 9811828953
Electronic mail address neelkamalbooks@gmail.com
300 ## - PHYSICAL DESCRIPTION
Extent 209 p.
Dimensions 24.1 cm (pb)
300 ## - PHYSICAL DESCRIPTION
Extent 209 p.
Dimensions 24.1 cm (hb)
700 ## - ADDED ENTRY--PERSONAL NAME
9 (RLIN) 82748
942 ## - ADDED ENTRY ELEMENTS (KOHA)
Source of classification or shelving scheme Dewey Decimal Classification
Item type English Books
Classification part 305.231
Call number suffix NAN
Holdings
Withdrawn status Lost status Not for loan Collection code Home library Current library Date acquired Source of acquisition Cost, normal purchase price Full call number Barcode Copy number Cost, replacement price Koha item type
      Non-fiction Central Library Central Library 08/07/2025 DBAD 395.00 305.231 NAN EN-129375 1 395.00 English Books
      Non-fiction Sarojini Nagar Sarojini Nagar 08/07/2025 DBAD 1195.00 305.231 NAN EN-129376 1 1195.00 English Books

© Delhi Public Library
Hit Counter
free hit counter